[Event "Oberliga Nord O 1819"]
[Site "Germany"]
[Date "2019.04.07"]
[Round "9.7"]
[White "Dyballa, Markus"]
[Black "Silz, Elisa"]
[Result "1-0"]
[WhiteElo "2225"]
[BlackElo "1995"]
[PlyCount "115"]
[EventDate "2018.10.21"]
[EventType "team-tourn"]
[EventRounds "9"]
[EventCountry "GER"]
[SourceTitle "EXT 2020"]
[Source "ChessBase"]
[SourceDate "2019.10.17"]
[SourceVersion "1"]
[SourceVersionDate "2019.10.17"]
[SourceQuality "1"]
[WhiteTeam "Kreuzberg"]
[BlackTeam "Berlin Empor"]
[WhiteTeamCountry "GER"]
[BlackTeamCountry "GER"]

1. e4 c5 2. b3 d6 3. Bb2 Nf6 4. d3 Nc6 5. f4 e6 6. g3 b5 7. a4 b4 8. Bg2 Bb7 9. Nd2 Be7 10. Ngf3 0-0 11. 0-0 Ng4 12. Qe2 Bf6 13. e5 dxe5 14. fxe5 Be7 15. Nc4 Nh6 16. Qf2 Rb8 17. Rae1 Nf5 18. Nfd2 Na5 19. Nxa5 Qxa5 20. Be4 Nd4 21. Bxd4 cxd4 22. Nc4 Qd8 23. Bxb7 Rxb7 24. Re4 Rd7 25. Qf3 Rd5 26. h4 f5 27. exf6 Rxf6 28. Qe2 Rg6 29. Rg4 Qe8 30. Kh2 h5 31. Rxg6 Qxg6 32. Re1 Rf5 33. Qxe6+ Qxe6 34. Rxe6 Kf7 35. Re2 Kf6 36. Kg2 g5 37. hxg5+ Rxg5 38. Nd2 Re5 39. Rxe5 Kxe5 40. Nf3+ Kd5 41. Kh3 Bf6 42. g4 hxg4+ 43. Kxg4 Bg7 44. Kf5 Bf8 45. Nh4 Bh6 46. Ng6 Be3 47. Ne7+ Kc5 48. Ke5 Bg1 49. Ke4 Be3 50. Ng6 Kd6 51. Ne5 Kc5 52. Nf3 Bf2 53. Ke5 Be3 54. Nh4 Bg1 55. Ng6 Bh2+ 56. Nf4 Kc6 57. Ke4 Kd6 58. Ne2 1-0

[Event "Oberliga Nord O 1819"]
[Site "Germany"]
[Date "2019.02.24"]
[Round "7.7"]
[White "Dyballa, Markus"]
[Black "Bellmann, Rambald"]
[Result "1-0"]
[WhiteElo "2225"]
[BlackElo "2115"]
[PlyCount "37"]
[EventDate "2018.10.21"]
[EventType "team-tourn"]
[EventRounds "9"]
[EventCountry "GER"]
[SourceTitle "EXT 2020"]
[Source "ChessBase"]
[SourceDate "2019.10.17"]
[SourceVersion "1"]
[SourceVersionDate "2019.10.17"]
[SourceQuality "1"]
[WhiteTeam "Kreuzberg"]
[BlackTeam "Oberschoeneweide"]
[WhiteTeamCountry "GER"]
[BlackTeamCountry "GER"]

1. e4 e5 2. Bc4 Nc6 3. Nc3 Nf6 4. d3 Bc5 5. f4 d6 6. Nf3 Ng4 7. Ng5 0-0 8. f5 Bf2+ 9. Kf1 Ne3+ 10. Bxe3 Bxe3 11. h4 Bxg5 12. hxg5 Qxg5 13. Nd5 b5 14. Rh5 Qg3 15. Bxb5 g6 16. Rh3 Qg5 17. Bxc6 Rb8 18. b3 Be6 19. Qc1 1-0

[Event "BL2-Nord 1516"]
[Site "Germany"]
[Date "2016.04.24"]
[Round "2.8"]
[White "Junge, Kai"]
[Black "Dyballa, Markus"]
[Result "1-0"]
[WhiteElo "2203"]
[BlackElo "2235"]
[PlyCount "93"]
[EventDate "2015.09.19"]
[EventType "team-tourn"]
[EventRounds "9"]
[EventCountry "GER"]
[SourceTitle "EXT 2017"]
[Source "ChessBase"]
[SourceDate "2016.10.25"]
[SourceVersion "1"]
[SourceVersionDate "2016.10.25"]
[SourceQuality "1"]
[WhiteTeam "Preetz"]
[BlackTeam "Kreuzberg"]
[WhiteTeamCountry "GER"]
[BlackTeamCountry "GER"]

1. Nf3 Nf6 2. g3 Nc6 3. d4 d5 4. Bg2 Bf5 5. 0-0 e6 6. Bf4 Be7 7. c4 0-0 8. cxd5 exd5 9. Nc3 Ne4 10. Rc1 Nxc3 11. Rxc3 Bb4 12. Rc1 Be4 13. Ne5 Nxe5 14. Bxe4 dxe4 15. dxe5 c6 16. Rc4 Qe7 17. Rxe4 Rad8 18. Qb3 Bd2 19. Bxd2 Rxd2 20. Rd1 Rfd8 21. Rxd2 Rxd2 22. e6 f6 23. Qe3 Rd1+ 24. Kg2 b6 25. Qc3 Rd6 26. Qa3 Kf8 27. Qe3 Rd5 28. Qf4 Qd6 29. e7+ Ke8 30. Qg4 Re5 31. Qxg7 Qxe7 32. Qxe7+ Kxe7 33. Rxe5+ fxe5 34. Kf3 c5 35. Ke4 Ke6 36. Kd3 b5 37. e4 Kf6 38. f4 h5 39. Ke3 c4 40. fxe5+ Kxe5 41. h3 b4 42. g4 hxg4 43. hxg4 a5 44. g5 a4 45. Kd2 Ke6 46. Kc2 Ke5 47. a3 1-0

[Event "BL2-Nord 1314"]
[Site "Germany"]
[Date "2014.03.16"]
[Round "8.7"]
[White "Dyballa, Markus"]
[Black "Johannsen, Dennis"]
[Result "1/2-1/2"]
[WhiteElo "2266"]
[BlackElo "2093"]
[PlyCount "48"]
[EventDate "2013.10.13"]
[EventType "team-tourn"]
[EventRounds "9"]
[EventCountry "GER"]
[SourceTitle "EXT 2015"]
[Source "ChessBase"]
[SourceDate "2014.11.20"]
[SourceVersion "1"]
[SourceVersionDate "2014.11.20"]
[SourceQuality "1"]
[WhiteTeam "Kreuzberg"]
[BlackTeam "Eppendorf"]
[WhiteTeamCountry "GER"]
[BlackTeamCountry "GER"]

1. d4 Nf6 2. c4 g6 3. Nc3 d5 4. Nf3 Bg7 5. Bf4 0-0 6. Qb3 dxc4 7. Qxc4 c6 8. e4 Qb6 9. 0-0-0 Na6 10. Be2 Be6 11. Qa4 Nb4 12. Ng5 Bg4 13. f3 Bd7 14. a3 Na6 15. Qc2 h6 16. Na4 Qa5 17. Bd2 Qc7 18. Bxa6 bxa6 19. Nh3 Bxh3 20. gxh3 Nd7 21. Be3 Rfd8 22. Kb1 Qa5 23. Rc1 Qh5 24. Rhf1 e5 1/2-1/2

[Event "BL2-Nord 1213"]
[Site "Germany"]
[Date "2013.04.14"]
[Round "9.7"]
[White "Dyballa, Markus"]
[Black "Slepuschkin, Shenja"]
[Result "1-0"]
[WhiteElo "2273"]
[BlackElo "2101"]
[PlyCount "139"]
[EventDate "2012.10.14"]
[EventType "team-tourn"]
[EventRounds "9"]
[EventCountry "GER"]
[SourceTitle "CBM 154 Extra"]
[Source "ChessBase"]
[SourceDate "2013.06.25"]
[SourceVersion "2"]
[SourceVersionDate "2013.06.25"]
[SourceQuality "1"]
[WhiteTeam "Berlin Kreuzberg"]
[BlackTeam "Berlin Zehlendorf"]
[WhiteTeamCountry "GER"]
[BlackTeamCountry "GER"]

1. d4 d6 2. g3 Nf6 3. Bg2 g6 4. e4 Bg7 5. Nc3 0-0 6. Nge2 e5 7. 0-0 c6 8. a4 a5 9. h3 h6 10. Be3 g5 11. Qd2 Nh5 12. Rad1 Qe7 13. Nc1 Qf6 14. Nb3 Qg6 15. Ne2 Nd7 16. d5 c5 17. Nxa5 Nb6 18. Ra1 g4 19. hxg4 Bxg4 20. Rfe1 f5 21. exf5 Qxf5 22. b3 Rf7 23. Nc4 Nxc4 24. bxc4 Bf3 25. Ra3 Bxg2 26. Kxg2 Qe4+ 27. Kg1 Qxc4 28. Nc3 Raf8 29. Qe2 Qxe2 30. Rxe2 Nf6 31. Rb3 Ng4 32. Ne4 Rd7 33. Rb6 Rfd8 34. f3 Nxe3 35. Rxe3 Ra8 36. Rxd6 Rxd6 37. Nxd6 Rxa4 38. Nxb7 Kf7 39. Nxc5 Rc4 40. Nd3 Rxc2 41. Nxe5+ Bxe5 42. Rxe5 Kf6 43. Re6+ Kg5 44. Rc6 Rd2 45. d6 h5 46. Kf1 Kf6 47. d7+ Ke7 48. Rh6 Kxd7 49. Rxh5 Ke6 50. Kg1 Kf6 51. Rh2 Rd3 52. Kg2 Kg5 53. Rh8 Rd1 54. Rg8+ Kf5 55. Ra8 Rd5 56. Ra2 Rb5 57. g4+ Kg6 58. Kg3 Rb4 59. Ra6+ Kg7 60. g5 Rb5 61. Kg4 Rc5 62. f4 Rb5 63. Ra7+ Kg8 64. g6 Rb1 65. Kg5 Rc1 66. f5 Kf8 67. Ra8+ Ke7 68. f6+ Ke6 69. Re8+ Kd7 70. f7 1-0

[Event "BL2-Nord 1213"]
[Site "Germany"]
[Date "2012.12.09"]
[Round "4.8"]
[White "Rubach, Ingo"]
[Black "Dyballa, Markus"]
[Result "1-0"]
[WhiteElo "2089"]
[BlackElo "2273"]
[PlyCount "71"]
[EventDate "2012.10.14"]
[EventType "team-tourn"]
[EventRounds "9"]
[EventCountry "GER"]
[SourceTitle "CBM 154 Extra"]
[Source "ChessBase"]
[SourceDate "2013.06.25"]
[SourceVersion "2"]
[SourceVersionDate "2013.06.25"]
[SourceQuality "1"]
[WhiteTeam "Pinneberg"]
[BlackTeam "Berlin Kreuzberg"]
[WhiteTeamCountry "GER"]
[BlackTeamCountry "GER"]

1. e4 c5 2. d4 cxd4 3. c3 Nf6 4. e5 Nd5 5. Bc4 Nb6 6. Bb3 d6 7. cxd4 dxe5 8. Qh5 e6 9. dxe5 Nc6 10. Nf3 Qd3 11. Nc3 Bb4 12. Bd2 Nc4 13. 0-0-0 Nxd2 14. Rxd2 Qg6 15. Qxg6 hxg6 16. Rd3 Bxc3 17. Rxc3 Bd7 18. h3 Rc8 19. Rd1 Ke7 20. Kb1 Na5 21. Rdc1 Rxc3 22. Rxc3 Nxb3 23. axb3 Bc6 24. Kc1 Rh5 25. Nd4 Rxe5 26. Nxc6+ bxc6 27. Rxc6 Re2 28. Rc7+ Kf6 29. Rxa7 Rxf2 30. b4 Ke5 31. Rd7 f5 32. b5 Rxg2 33. b6 Rg3 34. Kc2 Rxh3 35. Rd8 Rh4 36. Kb3 1-0

[Event "BL2-Nord 1011"]
[Site "Germany"]
[Date "2011.02.27"]
[Round "7.8"]
[White "Dyballa, Markus"]
[Black "Foerster, Jonas"]
[Result "0-1"]
[WhiteElo "2275"]
[BlackElo "2200"]
[PlyCount "48"]
[EventDate "2010.10.10"]
[EventType "team-tourn"]
[EventRounds "9"]
[EventCountry "GER"]
[SourceTitle "EXT 2012"]
[Source "ChessBase"]
[SourceDate "2011.11.24"]
[SourceVersion "1"]
[SourceVersionDate "2011.11.24"]
[SourceQuality "1"]
[WhiteTeam "Kreuzberg"]
[BlackTeam "Rostock SSC 07"]
[WhiteTeamCountry "GER"]
[BlackTeamCountry "GER"]

1. c4 Nf6 2. Nc3 e5 3. Nf3 Nc6 4. g3 Bc5 5. Nxe5 Bxf2+ 6. Kxf2 Nxe5 7. e4 d5 8. cxd5 Nxe4+ 9. Nxe4 Qxd5 10. Bg2 Qd4+ 11. Kf1 Be6 12. Nf2 0-0 13. h3 Bc4+ 14. Kg1 Rae8 15. Bf1 Bd5 16. Bb5 c6 17. Qa4 Nf3+ 18. Kg2 cxb5 19. Qxd4 Nxd4+ 20. Kf1 Bxh1 21. Nxh1 Nc2 22. Rb1 Re1+ 23. Kg2 Rd8 24. Nf2 Nb4 0-1

[Event "BL2-Nord 1011"]
[Site "Germany"]
[Date "2010.12.12"]
[Round "4.7"]
[White "Dyballa, Markus"]
[Black "Doberitz, Paul"]
[Result "1-0"]
[WhiteElo "2275"]
[BlackElo "2221"]
[PlyCount "57"]
[EventDate "2010.10.10"]
[EventType "team-tourn"]
[EventRounds "9"]
[EventCountry "GER"]
[SourceTitle "EXT 2012"]
[Source "ChessBase"]
[SourceDate "2011.11.24"]
[SourceVersion "1"]
[SourceVersionDate "2011.11.24"]
[SourceQuality "1"]
[WhiteTeam "Kreuzberg"]
[BlackTeam "Hamburger SK II"]
[WhiteTeamCountry "GER"]
[BlackTeamCountry "GER"]

1. c4 c5 2. Nc3 Nc6 3. Nf3 g6 4. b3 Bg7 5. Bb2 d6 6. g3 e6 7. Bg2 Nge7 8. 0-0 0-0 9. e3 Nf5 10. Qe2 d5 11. Na4 Qe7 12. Bxg7 Kxg7 13. cxd5 exd5 14. Qb5 c4 15. bxc4 dxc4 16. Qxc4 Be6 17. Qc5 Qf6 18. d4 Rac8 19. Qb5 Nd6 20. Qg5 Nb4 21. Qxf6+ Kxf6 22. Nc5 b6 23. Nxe6 fxe6 24. Ne5 Ke7 25. a3 Nd5 26. Rfc1 a6 27. Rc6 Rxc6 28. Nxc6+ Kf6 29. e4 1-0

[Event "BL2-Nord 1011"]
[Site "Germany"]
[Date "2010.10.24"]
[Round "2.8"]
[White "Schwekendiek, Ulrich"]
[Black "Dyballa, Markus"]
[Result "1-0"]
[WhiteElo "2279"]
[BlackElo "2275"]
[PlyCount "53"]
[EventDate "2010.10.10"]
[EventType "team-tourn"]
[EventRounds "9"]
[EventCountry "GER"]
[SourceTitle "EXT 2012"]
[Source "ChessBase"]
[SourceDate "2011.11.24"]
[SourceVersion "1"]
[SourceVersionDate "2011.11.24"]
[SourceQuality "1"]
[WhiteTeam "Pankow Rotation"]
[BlackTeam "Kreuzberg"]
[WhiteTeamCountry "GER"]
[BlackTeamCountry "GER"]

1. e4 c6 2. d4 d5 3. exd5 cxd5 4. c4 Nf6 5. Nc3 Nc6 6. Bg5 dxc4 7. d5 Ne5 8. Nf3 Nxf3+ 9. Qxf3 Qc7 10. h3 Bd7 11. Be2 Rc8 12. 0-0 b5 13. Rfd1 Qb7 14. a4 b4 15. Ne4 Nxe4 16. Qxe4 c3 17. bxc3 bxc3 18. Rdb1 Qc7 19. Bf4 Qa5 20. Rb7 c2 21. Rxd7 c1Q+ 22. Bxc1 Kxd7 23. Bg4+ Kd8 24. Bxc8 Kxc8 25. Bf4 Kd7 26. Qf5+ Ke8 27. Rb1 1-0

[Event "BL2-Nord 0910"]
[Site "Germany"]
[Date "2010.03.21"]
[Round "8.5"]
[White "Buchenau, Frank"]
[Black "Dyballa, Markus"]
[Result "1/2-1/2"]
[WhiteElo "2245"]
[BlackElo "2307"]
[PlyCount "131"]
[EventDate "2009.10.18"]
[EventType "team-tourn"]
[EventRounds "9"]
[EventCountry "GER"]
[SourceTitle "EXT 2011"]
[Source "ChessBase"]
[SourceDate "2010.11.26"]
[SourceVersion "1"]
[SourceVersionDate "2010.11.26"]
[SourceQuality "1"]
[WhiteTeam "Goettingen"]
[BlackTeam "Kreuzberg"]
[WhiteTeamCountry "GER"]
[BlackTeamCountry "GER"]

1. e4 c5 2. d3 Nc6 3. f4 d5 4. Nf3 dxe4 5. dxe4 Qxd1+ 6. Kxd1 Bg4 7. c3 0-0-0+ 8. Kc2 Bxf3 9. gxf3 e6 10. Be3 Nf6 11. Na3 Bd6 12. Nc4 Bc7 13. f5 exf5 14. Bh3 Kb8 15. Bxf5 b6 16. Rag1 Nh5 17. a4 g6 18. Bh3 Bf4 19. Re1 Bxe3 20. Rxe3 Nf4 21. Bf1 f6 22. Be2 Nd4+ 23. cxd4 cxd4 24. Rd3 Nxe2 25. Rhd1 Rc8 26. Kb3 Rhd8 27. R3d2 d3 28. Ne3 Nd4+ 29. Ka2 Nxf3 30. Rxd3 Rxd3 31. Rxd3 Nxh2 32. Rd6 Re8 33. Rxf6 Rxe4 34. Rf8+ Kb7 35. Rf7+ Kc6 36. Nc2 Rxa4+ 37. Kb3 Rh4 38. Rxa7 Nf3 39. Kc3 Rh3 40. Nb4+ Kb5 41. Nd5 Ne5+ 42. Kc2 g5 43. Rc7 Rh4 44. Kb3 Nd3 45. Nc3+ Ka6 46. Rg7 h6 47. Rg6 Nc5+ 48. Ka3 Rh3 49. Ka2 Kb7 50. Nd5 Na4 51. Rg7+ Kc6 52. Ne7+ Kd6 53. Ng8 Ke5 54. Rg6 Kf5 55. Rf6+ Ke5 56. Rxh6 Rxh6 57. Nxh6 Nc5 58. Ka3 Kd5 59. Kb4 Nd3+ 60. Kb5 Nxb2 61. Nf7 g4 62. Nh6 g3 63. Nf5 g2 64. Ne3+ Kd6 65. Nxg2 Kc7 66. Nf4 1/2-1/2

[Event "BL2-Nord 0809"]
[Site "Germany"]
[Date "2009.03.29"]
[Round "9.4"]
[White "Dyballa, Markus"]
[Black "Michna, Marta"]
[Result "1/2-1/2"]
[WhiteElo "2310"]
[BlackElo "2395"]
[PlyCount "46"]
[EventDate "2008.10.05"]
[EventType "team-tourn"]
[EventRounds "9"]
[EventCountry "GER"]
[SourceTitle "CBM 129 Extra"]
[Source "ChessBase"]
[SourceDate "2009.05.05"]
[SourceVersion "2"]
[SourceVersionDate "2009.05.20"]
[SourceQuality "1"]
[WhiteTeam "Kreuzberg II"]
[BlackTeam "Norderstedt"]
[WhiteTeamCountry "GER"]
[BlackTeamCountry "GER"]

1. d4 d6 2. Nf3 g6 3. c4 Bg7 4. Nc3 Nd7 5. e4 e5 6. Be2 c6 7. dxe5 dxe5 8. Qd6 Bf8 9. Qd1 Ngf6 10. 0-0 Qc7 11. Qc2 a5 12. b3 Nc5 13. Bg5 Be7 14. Bh6 Ng4 15. Bd2 0-0 16. h3 Nf6 17. Bh6 Re8 18. Ng5 Bf8 19. Bxf8 Kxf8 20. Qd2 h6 21. Qe3 Qe7 22. Nf3 Kg7 23. Rfd1 Nh5 1/2-1/2

[Event "BL2-Nord 0809"]
[Site "Germany"]
[Date "2009.03.15"]
[Round "8.5"]
[White "Dyballa, Markus"]
[Black "Petzold, Lutz Lukas"]
[Result "1-0"]
[WhiteElo "2310"]
[BlackElo "2260"]
[PlyCount "69"]
[EventDate "2008.10.05"]
[EventType "team-tourn"]
[EventRounds "9"]
[EventCountry "GER"]
[SourceTitle "CBM 129 Extra"]
[Source "ChessBase"]
[SourceDate "2009.05.05"]
[SourceVersion "2"]
[SourceVersionDate "2009.05.20"]
[SourceQuality "1"]
[WhiteTeam "Kreuzberg II"]
[BlackTeam "Goettingen Tempo"]
[WhiteTeamCountry "GER"]
[BlackTeamCountry "GER"]

1. d4 Nf6 2. c4 g6 3. Nc3 d5 4. cxd5 Nxd5 5. e4 Nxc3 6. bxc3 Bg7 7. Bb5+ c6 8. Ba4 0-0 9. Ne2 c5 10. 0-0 Nc6 11. Be3 Na5 12. d5 b6 13. Qd3 e6 14. d6 Bd7 15. Bc2 Bc6 16. f4 Qd7 17. a4 Rad8 18. Rfd1 f6 19. Bf2 Nb7 20. e5 fxe5 21. Bh4 Rde8 22. Be7 Rf7 23. Qh3 Na5 24. fxe5 Bxe5 25. Qg4 Bg7 26. h4 e5 27. Qg5 Rfxe7 28. dxe7 Qxe7 29. Qxe7 Rxe7 30. Rd8+ Kf7 31. Rf1+ Bf6 32. g4 Ke6 33. g5 Bg7 34. h5 Rf7 35. h6 1-0

[Event "BL2-Nord 0809"]
[Site "Germany"]
[Date "2008.10.26"]
[Round "2.6"]
[White "Dyballa, Markus"]
[Black "Lieb, Harald"]
[Result "1/2-1/2"]
[WhiteElo "2310"]
[BlackElo "2235"]
[PlyCount "23"]
[EventDate "2008.10.05"]
[EventType "team-tourn"]
[EventRounds "9"]
[EventCountry "GER"]
[SourceTitle "CBM 129 Extra"]
[Source "ChessBase"]
[SourceDate "2009.05.05"]
[SourceVersion "2"]
[SourceVersionDate "2009.05.20"]
[SourceQuality "1"]
[WhiteTeam "Kreuzberg II"]
[BlackTeam "Zehlendorf"]
[WhiteTeamCountry "GER"]
[BlackTeamCountry "GER"]

1. d4 d5 2. Nf3 Nf6 3. g3 c6 4. Bg2 Bf5 5. 0-0 e6 6. b3 Nbd7 7. c4 Be7 8. Bb2 0-0 9. Nbd2 Ne4 10. e3 a5 11. a3 Ndf6 12. cxd5 1/2-1/2

[Event "BL2-Nord 0506"]
[Site "Germany"]
[Date "2006.03.12"]
[Round "8.5"]
[White "Boetzer, Detlef"]
[Black "Dyballa, Markus"]
[Result "1-0"]
[WhiteElo "2262"]
[BlackElo "2363"]
[PlyCount "83"]
[EventDate "2005.10.23"]
[EventType "team-tourn"]
[EventRounds "9"]
[EventCountry "GER"]
[SourceTitle "EXT 2007"]
[Source "ChessBase"]
[SourceDate "2006.11.23"]
[SourceVersion "1"]
[SourceVersionDate "2006.11.23"]
[SourceQuality "1"]
[WhiteTeam "Berlin Rotation"]
[BlackTeam "Kreuzberg II"]
[WhiteTeamCountry "GER"]
[BlackTeamCountry "GER"]

1. Nf3 Nf6 2. c4 c5 3. Nc3 d5 4. cxd5 Nxd5 5. e3 Nc6 6. a3 e6 7. Qc2 Be7 8. Be2 0-0 9. 0-0 b6 10. d3 Bb7 11. Ne4 Rc8 12. Re1 Qd7 13. Bd2 Rfd8 14. Rad1 Rc7 15. Qb1 Ba6 16. Ng3 Qc8 17. Rc1 Qb7 18. Red1 Bb5 19. d4 Bxe2 20. Nxe2 Qa6 21. Nc3 c4 22. e4 Nf6 23. Bg5 Na5 24. Re1 Nb3 25. Rcd1 Qc8 26. d5 exd5 27. Bxf6 Bxf6 28. Nxd5 Rcd7 29. Qc2 b5 30. Nxf6+ gxf6 31. Rxd7 Qxd7 32. Qc3 Qe6 33. Qe3 a5 34. h3 b4 35. axb4 axb4 36. e5 Kh8 37. Qf4 c3 38. bxc3 bxc3 39. exf6 Qd5 40. Qh6 Rg8 41. Re8 Qd1+ 42. Kh2 1-0

[Event "BL2-Nord 0506"]
[Site "Germany"]
[Date "2005.12.11"]
[Round "4.6"]
[White "Von Herman, Ulf"]
[Black "Dyballa, Markus"]
[Result "1/2-1/2"]
[WhiteElo "2332"]
[BlackElo "2363"]
[PlyCount "35"]
[EventDate "2005.10.23"]
[EventType "team-tourn"]
[EventRounds "9"]
[EventCountry "GER"]
[SourceTitle "EXT 2007"]
[Source "ChessBase"]
[SourceDate "2006.11.23"]
[SourceVersion "1"]
[SourceVersionDate "2006.11.23"]
[SourceQuality "1"]
[WhiteTeam "Koenig Tegel"]
[BlackTeam "Kreuzberg II"]
[WhiteTeamCountry "GER"]
[BlackTeamCountry "GER"]

1. d4 d5 2. c4 e6 3. Nc3 Nf6 4. Bg5 Be7 5. Nf3 0-0 6. e3 Nbd7 7. Rc1 c6 8. Bd3 b6 9. 0-0 Bb7 10. cxd5 exd5 11. Qe2 c5 12. Ba6 Qc8 13. Bxb7 Qxb7 14. dxc5 bxc5 15. Rfd1 Rfd8 16. Rc2 Nb6 17. b3 Rac8 18. Rcd2 1/2-1/2

[Event "Berlin Unicorn op"]
[Site "Berlin"]
[Date "2005.05.08"]
[Round "7"]
[White "Niehaus, Frank"]
[Black "Dyballa, Markus"]
[Result "1/2-1/2"]
[WhiteElo "2188"]
[BlackElo "2398"]
[PlyCount "79"]
[EventDate "2005.05.04"]
[EventType "swiss"]
[EventRounds "7"]
[EventCountry "GER"]
[SourceTitle "CBM 106 Extra"]
[Source "ChessBase"]
[SourceDate "2005.07.01"]
[SourceVersion "1"]
[SourceVersionDate "2005.07.01"]
[SourceQuality "1"]

1. e4 c5 2. Nf3 Nc6 3. d4 cxd4 4. Nxd4 Nf6 5. Nc3 e5 6. Ndb5 d6 7. Bg5 a6 8. Na3 b5 9. Nd5 Be7 10. Bxf6 Bxf6 11. c4 Qa5+ 12. Qd2 Qxd2+ 13. Kxd2 Bg5+ 14. Kd1 0-0 15. cxb5 Nd4 16. b6 Rb8 17. Nc4 Bg4+ 18. f3 Be6 19. a4 f5 20. Nc7 fxe4 21. Nxe6 Nxe6 22. a5 exf3 23. gxf3 Rxf3 24. h4 Bf4 25. Ra3 Rf2 26. Ke1 Rc2 27. Rc3 Rxc3 28. bxc3 d5 29. Na3 Nc5 30. Nc2 Bg3+ 31. Kd1 Nb3 32. Nb4 Nxa5 33. Nxd5 Bf2 34. Bxa6 Bxb6 35. Kc2 Bd8 36. h5 Kf7 37. Bd3 Ke6 38. Ne3 Bg5 39. Nf5 Rb7 40. Ng3 1/2-1/2

[Event "Berlin Unicorn op"]
[Site "Berlin"]
[Date "2005.05.06"]
[Round "4"]
[White "Dyballa, Markus"]
[Black "Daum, Norman"]
[Result "1-0"]
[WhiteElo "2398"]
[BlackElo "2105"]
[PlyCount "173"]
[EventDate "2005.05.04"]
[EventType "swiss"]
[EventRounds "7"]
[EventCountry "GER"]
[SourceTitle "CBM 106 Extra"]
[Source "ChessBase"]
[SourceDate "2005.07.01"]
[SourceVersion "1"]
[SourceVersionDate "2005.07.01"]
[SourceQuality "1"]

1. c4 c5 2. Nf3 g6 3. Nc3 Bg7 4. g3 Nc6 5. Bg2 e5 6. d3 Nge7 7. Ne4 d6 8. Bg5 0-0 9. Bf6 Bxf6 10. Nxf6+ Kg7 11. Nd5 Be6 12. Nd2 Qd7 13. Nxe7 Nxe7 14. Ne4 f6 15. Qd2 Rfd8 16. f4 Ng8 17. fxe5 fxe5 18. 0-0 Qe7 19. b4 Bf5 20. bxc5 Bxe4 21. Bxe4 dxc5 22. Rab1 Rab8 23. h4 b6 24. h5 Rf8 25. hxg6 hxg6 26. Kg2 Rxf1 27. Rxf1 Rf8 28. Rh1 Qf6 29. Qe3 Qe7 30. Bd5 Qf6 31. Bf3 Qe7 32. Qe4 Qg5 33. Qb7+ Rf7 34. Rh7+ Kxh7 35. Qxf7+ Kh8 36. Qxa7 Qf6 37. Qa8 Kg7 38. Qc6 Ne7 39. Qxf6+ Kxf6 40. Be4 Nc8 41. Kf3 Nd6 42. Kg4 Ne8 43. Bc6 Nd6 44. Kf3 Ke6 45. e3 Ke7 46. Kf2 Ke6 47. Bg2 Ke7 48. Ke2 Ke6 49. Kd2 Kf6 50. Ke2 Ke6 51. Bd5+ Kf5 52. Kf3 Kf6 53. Bg8 Kf5 54. Bd5 Kf6 55. Bc6 Ke7 56. Kg4 Kf6 57. Be4 Nf7 58. Kh4 Ng5 59. Bd5 Nh7 60. Kg4 Nf8 61. d4 exd4 62. exd4 cxd4 63. Kf4 Nd7 64. Ke4 d3 65. Kxd3 Ke5 66. Bf3 g5 67. Kc3 Nc5 68. Kb4 Kd6 69. Kb5 Kc7 70. Bd5 Nd7 71. a4 Nf6 72. Bf3 Nd7 73. Be4 Nc5 74. Bd5 Nd7 75. Bg2 Kd6 76. Bc6 Ne5 77. Be8 Ke7 78. c5 bxc5 79. Kxc5 Ng4 80. Kd4 Kd6 81. Bh5 Ne5 82. Ke4 Ke6 83. Be2 Nc6 84. Bb5 Na5 85. g4 Nb7 86. Bc4+ Ke7 87. Ke5 1-0

[Event "Berlin Unicorn op"]
[Site "Berlin"]
[Date "2005.05.05"]
[Round "3"]
[White "Haemmerlein, Thomas"]
[Black "Dyballa, Markus"]
[Result "1/2-1/2"]
[WhiteElo "2166"]
[BlackElo "2398"]
[PlyCount "100"]
[EventDate "2005.05.04"]
[EventType "swiss"]
[EventRounds "7"]
[EventCountry "GER"]
[SourceTitle "CBM 106 Extra"]
[Source "ChessBase"]
[SourceDate "2005.07.01"]
[SourceVersion "1"]
[SourceVersionDate "2005.07.01"]
[SourceQuality "1"]

1. e4 c6 2. c4 e5 3. Nf3 d6 4. d4 Nd7 5. Nc3 Ngf6 6. Be2 Qc7 7. 0-0 Be7 8. b3 0-0 9. Ba3 Re8 10. Qd2 Nf8 11. Rfd1 Bg4 12. dxe5 dxe5 13. Bxe7 Qxe7 14. Qd6 Qxd6 15. Rxd6 Bxf3 16. Bxf3 Ne6 17. g3 Rad8 18. Rxd8 Rxd8 19. Rd1 Nd4 20. Kg2 Kf8 21. Be2 Ke7 22. Kf1 a5 23. f3 Nd7 24. Rd2 Nc5 25. Kf2 Ra8 26. Ke3 Ra6 27. Bd1 Rb6 28. Rb2 f6 29. f4 Ra6 30. Rf2 Ra8 31. Bg4 Rd8 32. Rd2 Rd6 33. Be2 Rd8 34. Bg4 g6 35. fxe5 fxe5 36. Bd1 Rd6 37. Bg4 Rd8 38. Bd1 Ra8 39. Bg4 Ra6 40. Bd1 Rb6 41. Rb2 h6 42. Rb1 Ra6 43. Rb2 Ra8 44. Rf2 Rd8 45. Rd2 Rf8 46. Rf2 Rxf2 47. Kxf2 Kd6 48. Ke3 b5 49. cxb5 cxb5 50. Nd5 Nce6 1/2-1/2

[Event "BL2-Nord 0405"]
[Site "Germany"]
[Date "2005.02.13"]
[Round "7.4"]
[White "Dyballa, Markus"]
[Black "Von Herman, Ulf"]
[Result "1/2-1/2"]
[WhiteElo "2398"]
[BlackElo "2404"]
[PlyCount "40"]
[EventDate "2004.10.24"]
[EventType "team-tourn"]
[EventRounds "9"]
[EventCountry "GER"]
[SourceTitle "EXT 2007"]
[Source "ChessBase"]
[SourceDate "2006.11.23"]
[SourceVersion "1"]
[SourceVersionDate "2006.11.23"]
[SourceQuality "1"]
[WhiteTeam "Kreuzberg II"]
[BlackTeam "Koenig Tegel"]
[WhiteTeamCountry "GER"]
[BlackTeamCountry "GER"]

1. c4 c5 2. b3 Nc6 3. Bb2 e5 4. Nc3 g6 5. g3 Bg7 6. Bg2 Nge7 7. e3 d6 8. d3 Be6 9. Nd5 Qd7 10. Ne2 h5 11. h4 Rb8 12. Nec3 a6 13. 0-0 b5 14. Nxe7 Nxe7 15. Ne4 0-0 16. Rc1 Rbd8 17. Kh2 Bg4 18. Qd2 Nc6 19. Rfe1 Rc8 20. Nc3 Ne7 1/2-1/2